000 00741nam a2200205 i 4500
001 40862
003 ES-MaACL
005 20240418135237.0
007 t|
008 030307s1971 sp ||||1| spa d
100 1 _aCapote Benot, José María.
_934887
245 1 3 _aEl período sevillano de Luis Cernuda /
_cJosé María Capote Benot ; prólogo de F. López Estrada.
260 _aMadrid :
_bGredos,
_c[1971]
300 _a171 p. ;
_c21 cm.
490 1 _aBiblioteca románica hispánica. II. Estudios y ensayos ;
_v160
700 0 _aLópez Estrada, Francisco,
_d1918-2010
_973627
830 0 _aBiblioteca románica hispánica. II. Estudios y ensayos ;
_v160
_9178108
852 _aES-MaACL
_jC-39166
_bR.78913
999 _c40862
_d40862